[Event "ODJM C 2024"]
[Site "Willingen GER"]
[Date "2024.05.22"]
[Round "6"]
[White "Neumann, Viktoria"]
[Black "Kasten, Luna Seraphine"]
[Result "1/2-1/2"]
[Termination "normal"]
[Board "40"]
[WhiteElo "769"]
[BlackElo "917"]
[WhiteClock "01:11:52"]
[BlackClock "01:13:52"]
[PlyCount "55"]
[WhiteFideId "34697292"]
[BlackFideId "34681639"]
[EventCountry "GER"]
[EventRounds "9"]
[EventType "swiss"]
[EventDate "2024.05.18"]

1. d4 {[%clk 01:30:57]} {[%emt 00:00:51]} Nc6 {[%clk 01:30:41]} 2. Bf4 {[%clk
01:31:11]} e6 {[%clk 01:30:49]} 3. e3 {[%clk 01:31:17]} g5 {[%clk 01:31:08]} 4.
Bg3 {[%clk 01:30:35]} h5 {[%clk 01:31:24]} 5. f3 {[%clk 01:28:42]} h4 {[%clk
01:31:00]} 6. Bf2 {[%clk 01:27:49]} Be7 {[%clk 01:30:40]} 7. Nd2 {[%clk
01:27:11]} Nf6 {[%clk 01:30:10]} 8. e4 {[%clk 01:26:53]} e5 {[%clk 01:29:58]}
9. d5 {[%clk 01:26:33]} Nd4 {[%clk 01:29:24]} 10. c3 {[%clk 01:25:39]} Nc6
{[%clk 01:27:22]} 11. dxc6 {[%clk 01:25:34]} bxc6 {[%clk 01:27:30]} 12. Be3
{[%clk 01:25:11]} Rg8 {[%clk 01:27:37]} 13. Bd3 {[%clk 01:23:09]} d6 {[%clk
01:27:05]} 14. Qc2 {[%clk 01:21:55]} {[%emt 00:01:54]} g4 {[%emt 00:01:01]} 15.
f4 {[%emt 00:00:36]} g3 {[%clk 01:23:35]} {[%emt 00:02:11]} 16. hxg3 {[%clk
01:21:07]} {[%emt 00:01:31]} Rxg3 {[%clk 01:23:55]} {[%emt 00:00:10]} 17. Nf1
{[%clk 01:20:39]} {[%emt 00:00:59]} Rg4 {[%clk 01:23:29]} {[%emt 00:00:36]} 18.
Qf2 {[%clk 01:19:05]} {[%emt 00:02:23]} Nh7 {[%clk 01:22:38]} {[%emt 00:01:19]}
19. Nf3 {[%clk 01:18:10]} {[%emt 00:01:26]} exf4 {[%clk 01:22:12]} {[%emt
00:00:56]} 20. Bd2 {[%clk 01:17:30]} {[%emt 00:01:11]} d5 {[%clk 01:18:00]}
{[%emt 00:04:43]} 21. exd5 {[%clk 01:17:28]} {[%emt 00:00:31]} cxd5 {[%clk
01:17:30]} {[%emt 00:00:56]} 22. Bxh7 {[%clk 01:17:38]} {[%emt 00:00:24]} f5
{[%clk 01:17:31]} {[%emt 00:00:29]} 23. Qd4 {[%clk 01:16:22]} {[%emt 00:01:46]}
Bf6 {[%clk 01:17:16]} {[%emt 00:00:45]} 24. Qd3 {[%clk 01:14:27]} {[%emt
00:02:22]} Qe7+ {[%clk 01:16:00]} {[%emt 00:01:47]} 25. Qe2 {[%clk 01:14:04]}
{[%emt 00:00:55]} Qxe2+ {[%clk 01:14:24]} {[%emt 00:02:06]} 26. Kxe2 {[%clk
01:13:58]} {[%emt 00:00:35]} Rxg2+ {[%clk 01:14:32]} {[%emt 00:00:22]} 27. Kd1
{[%clk 01:13:24]} {[%emt 00:01:05]} Rg4 {[%clk 01:13:52]} {[%emt 00:01:09]} 28.
N3h2 {[%clk 01:11:52]} {[%emt 00:02:03]} 1/2-1/2

[Event "ODJM C 2024"]
[Site "Willingen GER"]
[Date "2024.05.22"]
[Round "6"]
[White "Bräutigam, Viktoria"]
[Black "Schmidt, Lina"]
[Result "1-0"]
[Termination "normal"]
[Board "42"]
[WhiteElo "863"]
[BlackElo "746"]
[WhiteClock "01:06:43"]
[BlackClock "01:20:23"]
[PlyCount "97"]
[WhiteFideId "34638652"]
[BlackFideId "34681493"]
[EventCountry "GER"]
[EventRounds "9"]
[EventType "swiss"]
[EventDate "2024.05.18"]

1. e4 {[%clk 01:30:58]} e5 {[%clk 01:30:58]} 2. Nf3 {[%clk 01:31:19]} Nc6
{[%clk 01:31:27]} 3. Bc4 {[%clk 01:31:30]} Nf6 {[%clk 01:31:39]} 4. Nc3 {[%clk
01:31:43]} d6 {[%clk 01:31:36]} 5. h3 {[%clk 01:31:52]} Be7 {[%clk 01:31:25]}
6. O-O {[%clk 01:31:52]} O-O {[%clk 01:31:50]} 7. d3 {[%clk 01:32:03]} Na5
{[%clk 01:32:00]} 8. Bb3 {[%clk 01:32:20]} c6 {[%clk 01:29:44]} 9. d4 {[%clk
01:31:22]} exd4 {[%clk 01:29:35]} 10. Qxd4 {[%clk 01:30:18]} c5 {[%clk
01:28:55]} 11. Qd3 {[%clk 01:30:08]} Nxb3 {[%clk 01:29:16]} 12. axb3 {[%clk
01:30:21]} h6 {[%clk 01:27:36]} 13. Bf4 {[%clk 01:30:28]} b5 14. Bxd6 {[%clk
01:24:15]} Bxd6 {[%clk 01:25:07]} 15. e5 {[%clk 01:24:25]} Be7 {[%clk
01:25:21]} 16. Qxd8 {[%clk 01:23:48]} Rxd8 {[%clk 01:25:48]} 17. exf6 {[%clk
01:23:53]} Bxf6 {[%clk 01:26:14]} 18. Nxb5 {[%clk 01:22:53]} Bxb2 {[%clk
01:25:51]} 19. Ra2 {[%clk 01:21:14]} Bf6 {[%clk 01:25:21]} 20. Nc7 {[%clk
01:19:31]} Rb8 {[%clk 01:25:31]} 21. c4 {[%clk 01:16:41]} Rxb3 {[%clk
01:18:36]} 22. Rxa7 {[%clk 01:16:00]} Rb7 {[%clk 01:18:38]} 23. Rxb7 {[%clk
01:15:15]} Bxb7 {[%clk 01:19:00]} 24. Re1 {[%clk 01:14:01]} Bc6 {[%clk
01:17:37]} 25. Ne5 {[%clk 01:11:55]} Rd2 {[%clk 01:15:18]} 26. Nxc6 {[%clk
01:08:57]} {[%emt 00:00:30]} Bd8 {[%clk 01:15:41]} {[%emt 00:00:10]} 27. Nxd8
{[%clk 01:08:14]} {[%emt 00:01:11]} Rxd8 {[%clk 01:15:57]} {[%emt 00:00:17]}
28. Re8+ {[%clk 01:08:23]} {[%emt 00:00:20]} Rxe8 {[%clk 01:16:15]} {[%emt
00:00:12]} 29. Nxe8 {[%clk 01:08:40]} {[%emt 00:00:10]} Kf8 {[%clk 01:16:26]}
30. Nd6 {[%clk 01:08:47]} {[%emt 00:00:44]} Ke7 {[%clk 01:16:43]} {[%emt
00:00:14]} 31. Ne4 {[%clk 01:08:58]} {[%emt 00:00:18]} f5 {[%clk 01:16:50]}
{[%emt 00:00:23]} 32. Nxc5 {[%clk 01:09:03]} {[%emt 00:00:23]} Kf6 {[%clk
01:17:11]} {[%emt 00:00:12]} 33. Na6 {[%clk 01:08:58]} {[%emt 00:00:34]} Kg5
{[%clk 01:17:25]} {[%emt 00:00:17]} 34. c5 {[%clk 01:09:16]} {[%emt 00:00:13]}
Kf6 {[%clk 01:16:52]} {[%emt 00:01:02]} 35. c6 {[%clk 01:09:03]} {[%emt
00:00:43]} Ke7 {[%clk 01:17:07]} {[%emt 00:00:14]} 36. c7 {[%clk 01:08:57]}
{[%emt 00:00:37]} Kd7 {[%clk 01:17:28]} {[%emt 00:00:09]} 37. Kh2 {[%clk
01:08:58]} {[%emt 00:00:28]} g5 {[%clk 01:17:44]} {[%emt 00:00:15]} 38. g3
{[%clk 01:08:50]} {[%emt 00:00:37]} h5 {[%clk 01:17:56]} {[%emt 00:00:19]} 39.
g4 {[%clk 01:08:41]} {[%emt 00:00:38]} hxg4 {[%clk 01:18:11]} {[%emt 00:00:17]}
40. hxg4 {[%clk 01:08:57]} {[%emt 00:00:10]} fxg4 {[%clk 01:18:40]} {[%emt
00:00:04]} 41. Kg3 {[%clk 01:09:11]} {[%emt 00:00:17]} Ke6 {[%clk 01:18:44]}
{[%emt 00:00:25]} 42. c8=Q+ {[%emt 00:00:21]} Kf6 {[%emt 00:00:08]} 43. Qxg4
{[%clk 01:08:55]} {[%emt 00:00:15]} Kg6 {[%clk 01:19:00]} {[%emt 00:00:15]} 44.
f4 {[%clk 01:08:49]} {[%emt 00:00:36]} Kg7 {[%emt 00:00:36]} 45. Qxg5+ {[%clk
01:08:42]} {[%emt 00:00:12]} Kf8 {[%clk 01:19:40]} {[%emt 00:00:10]} 46. f5
{[%clk 01:08:12]} {[%emt 00:01:00]} Kf7 {[%clk 01:19:47]} {[%emt 00:00:23]} 47.
Nc7 {[%clk 01:06:51]} {[%emt 00:01:51]} Kf8 {[%clk 01:20:06]} {[%emt 00:00:10]}
48. f6 {[%clk 01:06:31]} {[%emt 00:00:49]} Kf7 {[%clk 01:20:23]} {[%emt
00:00:14]} 49. Qg7# {[%clk 01:06:43]} {[%emt 00:00:17]} 1-0

[Event "ODJM C 2024"]
[Site "Willingen GER"]
[Date "2024.05.22"]
[Round "6"]
[White "Prokscha, Kilian"]
[Black "Wagner, Valentin Thien-Phu"]
[Result "1/2-1/2"]
[Termination "normal"]
[Board "44"]
[WhiteElo "695"]
[BlackElo "863"]
[WhiteClock "01:09:39"]
[BlackClock "00:35:20"]
[PlyCount "40"]
[WhiteFideId "533002843"]
[BlackFideId "34603492"]
[EventCountry "GER"]
[EventRounds "9"]
[EventType "swiss"]
[EventDate "2024.05.18"]

1. f4 {[%clk 00:00:00]} {[%emt 00:02:13]} c5 {[%clk 01:30:30]} 2. e3 {[%clk
01:31:17]} g6 {[%clk 01:31:17]} 3. Nf3 {[%clk 01:31:14]} Nc6 {[%clk 01:31:19]}
4. Bd3 {[%clk 01:31:16]} d5 {[%clk 01:31:22]} 5. b3 {[%clk 01:31:32]} Bg7
{[%clk 01:31:40]} 6. c3 {[%clk 01:30:41]} Nf6 {[%clk 01:31:53]} 7. Bb2 {[%clk
01:29:52]} O-O {[%clk 01:31:24]} 8. Na3 {[%clk 01:29:51]} a6 {[%clk 01:25:45]}
9. Qc2 {[%clk 01:28:31]} b5 {[%clk 01:25:30]} 10. O-O {[%clk 01:27:21]} c4
{[%clk 01:24:26]} 11. bxc4 {[%clk 01:26:27]} bxc4 {[%clk 01:21:06]} {[%emt
00:01:37]} 12. Qa4 {[%clk 01:23:40]} {[%emt 00:03:17]} Qd6 {[%clk 01:16:48]}
{[%emt 00:04:45]} 13. Bc2 {[%clk 01:22:23]} {[%emt 00:01:48]} Bd7 {[%clk
01:14:01]} {[%emt 00:03:18]} 14. Bd1 {[%clk 01:19:40]} {[%emt 00:03:13]} Qc5
{[%clk 01:11:24]} {[%emt 00:03:08]} 15. d4 {[%clk 01:18:03]} {[%emt 00:02:07]}
Qb6 {[%clk 01:03:05]} {[%emt 00:08:45]} 16. Qc2 {[%clk 01:14:56]} {[%emt
00:03:39]} Bf5 {[%clk 00:46:36]} {[%emt 00:16:59]} 17. Qc1 {[%emt 00:01:54]}
Qb8 {[%clk 00:43:17]} {[%emt 00:03:39]} 18. Bc2 {[%clk 01:12:39]} {[%emt
00:01:35]} Qc8 {[%clk 00:42:59]} {[%emt 00:00:48]} 19. Qb1 {[%clk 01:10:49]}
{[%emt 00:02:19]} Qe6 {[%clk 00:36:08]} {[%emt 00:07:22]} 20. Re1 {[%clk
01:09:39]} {[%emt 00:01:39]} Bg4 {[%clk 00:35:20]} {[%emt 00:01:17]} 1/2-1/2

[Event "ODJM C 2024"]
[Site "Willingen GER"]
[Date "2024.05.23"]
[Round "7"]
[White "Hantke, Karl"]
[Black "Schilay, Vinzenz"]
[Result "1/2-1/2"]
[Termination "normal"]
[Board "1"]
[WhiteElo "1555"]
[BlackElo "1143"]
[WhiteClock "01:03:18"]
[BlackClock "01:06:38"]
[PlyCount "41"]
[WhiteFideId "34640827"]
[BlackFideId "12983209"]
[EventCountry "GER"]
[EventRounds "9"]
[EventType "swiss"]
[EventDate "2024.05.18"]

1. e4 {[%clk 01:30:57]} {[%emt 00:00:03]} e5 {[%clk 01:30:53]} {[%emt
00:00:07]} 2. Nf3 {[%clk 01:31:17]} {[%emt 00:00:09]} Nc6 {[%clk 01:31:19]}
{[%emt 00:00:04]} 3. Bc4 {[%clk 01:31:38]} {[%emt 00:00:09]} Be7 {[%clk
01:31:37]} {[%emt 00:00:13]} 4. Nc3 {[%clk 01:31:27]} {[%emt 00:00:41]} Nf6
{[%clk 01:31:07]} {[%emt 00:01:00]} 5. d3 {[%clk 01:30:48]} {[%emt 00:01:09]}
d6 {[%clk 01:30:58]} {[%emt 00:00:39]} 6. h3 {[%clk 01:29:41]} {[%emt
00:01:36]} O-O {[%clk 01:31:12]} {[%emt 00:00:16]} 7. Be3 {[%clk 01:29:49]}
{[%emt 00:00:22]} Be6 {[%clk 01:30:51]} {[%emt 00:00:52]} 8. Bb3 {[%clk
01:28:53]} {[%emt 00:01:26]} d5 {[%clk 01:30:19]} {[%emt 00:01:02]} 9. exd5
{[%clk 01:28:44]} {[%emt 00:00:39]} Nxd5 {[%clk 01:29:52]} {[%emt 00:00:56]}
10. Nxd5 {[%clk 01:27:03]} {[%emt 00:02:11]} Bxd5 {[%clk 01:30:01]} {[%emt
00:00:21]} 11. Bxd5 {[%clk 01:27:06]} {[%emt 00:00:28]} Qxd5 {[%clk 01:30:24]}
{[%emt 00:00:08]} 12. O-O {[%clk 01:25:09]} {[%emt 00:02:26]} Rad8 {[%clk
01:28:34]} {[%emt 00:02:20]} 13. Qe2 {[%clk 01:23:19]} {[%emt 00:02:20]} e4
{[%clk 01:26:10]} {[%emt 00:02:54]} 14. dxe4 {[%clk 01:22:21]} {[%emt
00:01:28]} Qxe4 {[%clk 01:26:33]} {[%emt 00:00:06]} 15. Rfe1 {[%clk 01:20:22]}
{[%emt 00:02:30]} Bf6 {[%clk 01:19:49]} {[%emt 00:07:14]} 16. c3 {[%clk
01:18:07]} {[%emt 00:02:45]} Rfe8 {[%clk 01:18:52]} {[%emt 00:01:27]} 17. Qb5
{[%clk 01:14:19]} {[%emt 00:04:17]} Ne5 {[%clk 01:12:24]} {[%emt 00:06:58]} 18.
Nxe5 {[%clk 01:11:37]} {[%emt 00:03:12]} Rxe5 {[%clk 01:12:11]} {[%emt
00:00:43]} 19. Qb3 {[%clk 01:07:06]} {[%emt 00:05:01]} Qc6 {[%clk 01:07:48]}
{[%emt 00:04:53]} 20. Bf4 {[%clk 01:03:18]} {[%emt 00:04:19]} Red5 {[%clk
01:06:38]} {[%emt 00:01:40]} 21. Rad1 {[%emt 00:02:47]} 1/2-1/2

[Event "ODJM C 2024"]
[Site "Willingen GER"]
[Date "2024.05.23"]
[Round "7"]
[White "Classen, Miguel"]
[Black "Classen, Marnin"]
[Result "1/2-1/2"]
[Termination "normal"]
[Board "2"]
[WhiteElo "1519"]
[BlackElo "1654"]
[WhiteClock "01:11:07"]
[BlackClock "01:03:42"]
[PlyCount "67"]
[WhiteFideId "34623825"]
[BlackFideId "34623833"]
[EventCountry "GER"]
[EventRounds "9"]
[EventType "swiss"]
[EventDate "2024.05.18"]

1. e4 {[%clk 01:30:57]} {[%emt 00:00:02]} e5 {[%clk 01:30:40]} {[%emt
00:00:21]} 2. Nc3 {[%clk 01:31:12]} {[%emt 00:00:15]} Nf6 {[%clk 01:30:41]}
{[%emt 00:00:28]} 3. f4 {[%clk 01:31:24]} {[%emt 00:00:18]} d6 {[%clk
01:30:41]} {[%emt 00:00:30]} 4. Nf3 {[%clk 01:31:43]} {[%emt 00:00:11]} Nc6
{[%clk 01:30:57]} {[%emt 00:00:15]} 5. Bb5 {[%clk 01:32:03]} {[%emt 00:00:10]}
Bd7 {[%clk 01:30:54]} {[%emt 00:00:32]} 6. d3 {[%clk 01:32:20]} {[%emt
00:00:13]} exf4 {[%clk 01:31:06]} {[%emt 00:00:18]} 7. Bxf4 {[%clk 01:32:42]}
{[%emt 00:00:09]} Be7 {[%emt 00:00:26]} 8. O-O {[%clk 01:33:01]} O-O {[%clk
01:31:39]} {[%emt 00:00:11]} 9. Qd2 {[%clk 01:32:54]} {[%emt 00:00:37]} Ne5
{[%clk 01:31:50]} {[%emt 00:00:18]} 10. Nxe5 {[%clk 01:32:37]} {[%emt
00:00:47]} dxe5 {[%clk 01:32:13]} {[%emt 00:00:07]} 11. Bxe5 {[%clk 01:31:27]}
{[%emt 00:01:39]} Bxb5 {[%clk 01:32:27]} {[%emt 00:00:16]} 12. Nxb5 {[%clk
01:31:41]} {[%emt 00:00:18]} Nxe4 {[%clk 01:31:59]} {[%emt 00:00:09]} 13. Qf4
{[%clk 01:31:40]} {[%emt 00:01:19]} Nd6 {[%clk 01:31:57]} {[%emt 00:00:33]} 14.
Nxd6 {[%clk 01:31:54]} {[%emt 00:00:16]} Bxd6 {[%clk 01:32:06]} {[%emt
00:00:19]} 15. Bxd6 {[%clk 01:28:55]} {[%emt 00:03:31]} Qxd6 {[%clk 01:29:57]}
{[%emt 00:02:38]} 16. Qxd6 {[%clk 01:27:52]} {[%emt 00:01:33]} cxd6 {[%clk
01:30:17]} {[%emt 00:00:09]} 17. Rae1 {[%clk 01:28:01]} {[%emt 00:00:22]} Rfe8
{[%clk 01:30:34]} {[%emt 00:00:12]} 18. Rxe8+ {[%clk 01:27:38]} {[%emt
00:00:54]} Rxe8 {[%clk 01:30:55]} {[%emt 00:00:09]} 19. Kf2 {[%clk 01:28:01]}
{[%emt 00:00:07]} Kf8 {[%clk 01:31:15]} {[%emt 00:00:10]} 20. Re1 {[%clk
01:26:49]} {[%emt 00:01:42]} Rxe1 {[%clk 01:31:27]} {[%emt 00:00:17]} 21. Kxe1
{[%clk 01:27:11]} {[%emt 00:00:09]} Ke7 {[%clk 01:31:53]} {[%emt 00:00:05]} 22.
Ke2 {[%clk 01:27:02]} {[%emt 00:00:38]} Ke6 {[%clk 01:32:14]} {[%emt 00:00:09]}
23. Ke3 {[%clk 01:27:28]} {[%emt 00:00:05]} Ke5 {[%clk 01:32:35]} {[%emt
00:00:08]} 24. b3 {[%clk 01:27:17]} {[%emt 00:00:41]} f5 {[%clk 01:32:51]}
{[%emt 00:00:14]} 25. c4 {[%clk 01:26:05]} {[%emt 00:01:42]} g5 {[%clk
01:33:09]} {[%emt 00:00:12]} 26. d4+ {[%clk 01:26:19]} {[%emt 00:00:16]} Ke6
{[%clk 01:31:14]} {[%emt 00:02:24]} 27. a3 {[%clk 01:24:33]} {[%emt 00:02:17]}
d5 {[%clk 01:28:44]} {[%emt 00:03:00]} 28. c5 {[%clk 01:24:29]} {[%emt
00:00:34]} f4+ {[%clk 01:25:18]} {[%emt 00:03:55]} 29. Kf3 {[%clk 01:22:35]}
{[%emt 00:02:25]} Kf5 {[%clk 01:15:56]} {[%emt 00:09:52]} 30. b4 {[%clk
01:18:40]} {[%emt 00:04:25]} h5 {[%clk 01:09:35]} {[%emt 00:06:49]} 31. b5
{[%clk 01:12:47]} {[%emt 00:06:25]} g4+ {[%clk 01:04:32]} {[%emt 00:05:32]} 32.
Kf2 {[%clk 01:12:38]} {[%emt 00:00:41]} Ke6 {[%clk 01:03:52]} {[%emt 00:01:09]}
33. Ke2 {[%clk 01:12:19]} {[%emt 00:00:48]} Kd7 {[%clk 01:03:42]} {[%emt
00:00:41]} 34. Kf2 {[%clk 01:11:07]} {[%emt 00:01:41]} 1/2-1/2

[Event "ODJM C 2024"]
[Site "Willingen GER"]
[Date "2024.05.23"]
[Round "7"]
[White "Polster, Martha"]
[Black "Prokscha, Marlene"]
[Result "1-0"]
[Termination "normal"]
[Board "3"]
[WhiteElo "1281"]
[BlackElo "1230"]
[WhiteClock "00:19:25"]
[BlackClock "00:16:55"]
[PlyCount "87"]
[WhiteFideId "34639845"]
[BlackFideId "34631291"]
[EventCountry "GER"]
[EventRounds "9"]
[EventType "swiss"]
[EventDate "2024.05.18"]

1. e4 {[%clk 01:30:59]} {[%emt 00:00:01]} e6 {[%clk 01:30:55]} {[%emt
00:00:06]} 2. d4 {[%clk 01:31:26]} {[%emt 00:00:03]} d5 {[%clk 01:31:19]}
{[%emt 00:00:05]} 3. exd5 {[%clk 01:31:54]} {[%emt 00:00:02]} exd5 {[%clk
01:31:44]} {[%emt 00:00:06]} 4. Bd3 {[%clk 01:32:20]} {[%emt 00:00:03]} Nc6
{[%clk 01:31:20]} {[%emt 00:00:54]} 5. Nf3 {[%clk 01:32:34]} {[%emt 00:00:16]}
Nf6 {[%clk 01:28:50]} {[%emt 00:03:00]} 6. O-O {[%clk 01:32:24]} {[%emt
00:00:40]} Bg4 {[%clk 01:26:33]} {[%emt 00:02:47]} 7. Re1+ {[%clk 01:32:25]}
{[%emt 00:00:29]} Be7 {[%clk 01:25:48]} {[%emt 00:01:16]} 8. c3 {[%clk
01:32:16]} {[%emt 00:00:38]} O-O {[%clk 01:25:09]} {[%emt 00:01:10]} 9. h3
{[%clk 01:31:05]} {[%emt 00:01:40]} Bh5 {[%clk 01:21:11]} {[%emt 00:04:27]} 10.
Bf4 {[%clk 01:31:07]} {[%emt 00:00:27]} a6 {[%clk 01:12:57]} {[%emt 00:08:46]}
11. Nbd2 {[%clk 01:29:19]} {[%emt 00:02:17]} Re8 {[%clk 01:09:17]} {[%emt
00:04:11]} 12. a4 {[%clk 01:28:35]} {[%emt 00:01:14]} h6 {[%clk 01:06:39]}
{[%emt 00:03:08]} 13. a5 {[%clk 01:24:52]} {[%emt 00:04:13]} Bd6 {[%clk
01:03:56]} {[%emt 00:03:11]} 14. Rxe8+ {[%clk 01:24:28]} {[%emt 00:00:56]} Nxe8
{[%clk 01:04:15]} {[%emt 00:00:11]} 15. Bxd6 {[%clk 01:23:41]} {[%emt
00:01:17]} Nxd6 {[%clk 01:00:25]} {[%emt 00:04:19]} 16. Qc2 {[%clk 01:22:58]}
{[%emt 00:01:13]} Qf6 {[%clk 00:56:28]} {[%emt 00:04:28]} 17. Qb3 {[%clk
01:18:48]} {[%emt 00:04:35]} Ne7 {[%clk 00:52:14]} {[%emt 00:04:49]} 18. Re1
{[%clk 01:16:24]} {[%emt 00:02:52]} Re8 {[%clk 00:49:25]} {[%emt 00:03:21]} 19.
Re5 {[%clk 01:10:30]} {[%emt 00:06:21]} c6 {[%clk 00:45:32]} {[%emt 00:04:26]}
20. Rxh5 {[%clk 01:03:22]} {[%emt 00:07:36]} Ndf5 {[%clk 00:42:37]} {[%emt
00:03:26]} 21. Rxf5 {[%clk 00:58:19]} {[%emt 00:05:33]} Nxf5 {[%clk 00:42:47]}
{[%emt 00:00:21]} 22. Qxb7 {[%clk 00:55:19]} {[%emt 00:03:28]} g6 {[%clk
00:39:01]} {[%emt 00:04:17]} 23. Bxf5 {[%clk 00:51:01]} {[%emt 00:04:48]} Qxf5
{[%clk 00:35:54]} {[%emt 00:03:38]} 24. Qxa6 {[%clk 00:48:33]} {[%emt
00:02:55]} Qc8 {[%clk 00:35:32]} {[%emt 00:00:55]} 25. Qb6 {[%clk 00:43:52]}
{[%emt 00:05:03]} Qa8 {[%clk 00:31:11]} {[%emt 00:04:58]} 26. b4 {[%clk
00:42:27]} {[%emt 00:01:56]} Re2 {[%clk 00:29:44]} {[%emt 00:01:56]} 27. Kf1
{[%clk 00:36:14]} {[%emt 00:06:43]} Re6 {[%clk 00:25:30]} {[%emt 00:04:43]} 28.
Nb3 {[%clk 00:24:23]} {[%emt 00:12:23]} Kg7 {[%clk 00:23:46]} {[%emt 00:02:13]}
29. Nc5 {[%clk 00:23:35]} {[%emt 00:01:19]} Re7 {[%clk 00:20:05]} {[%emt
00:04:07]} 30. Ne5 {[%clk 00:23:08]} {[%emt 00:00:59]} Qe8 {[%clk 00:19:05]}
{[%emt 00:01:29]} 31. Qxc6 {[%clk 00:21:44]} {[%emt 00:01:53]} Rxe5 {[%clk
00:19:06]} {[%emt 00:00:33]} 32. Qxe8 {[%clk 00:20:43]} {[%emt 00:01:30]} Rxe8
{[%clk 00:19:31]} {[%emt 00:00:05]} 33. b5 {[%clk 00:20:32]} {[%emt 00:00:42]}
Kf6 {[%clk 00:18:34]} {[%emt 00:01:26]} 34. b6 {[%clk 00:19:55]} {[%emt
00:01:07]} Ke7 {[%clk 00:17:25]} {[%emt 00:01:39]} 35. b7 {[%clk 00:20:00]}
{[%emt 00:00:26]} Kd6 {[%clk 00:17:31]} {[%emt 00:00:23]} 36. a6 {[%clk
00:20:11]} {[%emt 00:00:20]} f5 {[%clk 00:15:43]} {[%emt 00:02:18]} 37. a7
{[%clk 00:20:14]} {[%emt 00:00:27]} f4 {[%clk 00:15:37]} {[%emt 00:00:36]} 38.
b8=Q+ {[%emt 00:00:24]} Rxb8 {[%emt 00:00:18]} 39. axb8=Q+ {[%clk 00:19:52]}
{[%emt 00:00:07]} Ke7 {[%clk 00:15:58]} {[%emt 00:00:12]} 40. Qb6 {[%clk
00:19:34]} {[%emt 00:00:46]} Kf7 {[%clk 00:16:13]} {[%emt 00:00:17]} 41. Qe6+
{[%clk 00:19:37]} {[%emt 00:00:26]} Kg7 {[%clk 00:16:22]} {[%emt 00:00:20]} 42.
Qe7+ {[%clk 00:19:59]} {[%emt 00:00:09]} Kg8 {[%clk 00:16:42]} {[%emt
00:00:11]} 43. Ne6 {[%clk 00:20:22]} {[%emt 00:00:07]} Kh8 {[%clk 00:16:55]}
{[%emt 00:00:17]} 44. Qg7# {[%clk 00:19:25]} {[%emt 00:00:06]} 1-0

[Event "ODJM C 2024"]
[Site "Willingen GER"]
[Date "2024.05.23"]
[Round "7"]
[White "Moissl, Felix"]
[Black "von Gehlen, Samuel"]
[Result "1-0"]
[Termination "normal"]
[Board "4"]
[WhiteElo "1600"]
[BlackElo "1510"]
[WhiteClock "01:14:42"]
[BlackClock "01:29:40"]
[PlyCount "37"]
[WhiteFideId "34623574"]
[BlackFideId "34651551"]
[EventCountry "GER"]
[EventRounds "9"]
[EventType "swiss"]
[EventDate "2024.05.18"]

1. e4 {[%clk 01:30:59]} c6 {[%clk 01:30:56]} {[%emt 00:00:05]} 2. d4 {[%clk
01:31:20]} {[%emt 00:00:09]} d5 {[%clk 01:29:08]} {[%emt 00:02:18]} 3. exd5
{[%clk 01:31:10]} {[%emt 00:00:39]} cxd5 {[%clk 01:29:24]} {[%emt 00:00:14]} 4.
c4 {[%clk 01:31:32]} {[%emt 00:00:08]} Nf6 {[%clk 01:29:38]} {[%emt 00:00:16]}
5. Nc3 {[%clk 01:31:53]} {[%emt 00:00:10]} Bf5 {[%clk 01:29:43]} {[%emt
00:00:24]} 6. Qb3 {[%clk 01:31:42]} {[%emt 00:00:42]} Qb6 {[%clk 01:29:46]}
{[%emt 00:00:27]} 7. Qxb6 {[%clk 01:31:43]} axb6 {[%clk 01:30:00]} {[%emt
00:00:44]} 8. cxd5 {[%clk 01:30:54]} {[%emt 00:01:19]} e6 {[%clk 01:29:57]}
{[%emt 00:00:34]} 9. dxe6 {[%clk 01:30:22]} {[%emt 00:01:01]} fxe6 {[%clk
01:30:02]} {[%emt 00:00:25]} 10. Bb5+ {[%clk 01:26:25]} {[%emt 00:04:28]} Nc6
{[%clk 01:30:17]} {[%emt 00:00:15]} 11. Nf3 {[%clk 01:24:54]} {[%emt 00:02:00]}
O-O-O {[%emt 00:00:14]} 12. Be3 {[%clk 01:20:30]} {[%emt 00:04:52]} Nb4 {[%clk
01:30:04]} {[%emt 00:01:01]} 13. O-O {[%clk 01:19:56]} {[%emt 00:01:04]} Nbd5
{[%clk 01:29:59]} {[%emt 00:00:36]} 14. Rac1 {[%clk 01:18:39]} {[%emt
00:01:46]} Kb8 {[%clk 01:30:10]} {[%emt 00:00:20]} 15. Ne5 {[%clk 01:17:01]}
{[%emt 00:02:08]} Rc8 {[%clk 01:29:41]} {[%emt 00:00:59]} 16. Nxd5 {[%clk
01:14:59]} {[%emt 00:02:31]} Rxc1 {[%clk 01:30:00]} {[%emt 00:00:11]} 17. Rxc1
{[%emt 00:00:53]} Nxd5 {[%clk 01:29:43]} {[%emt 00:00:14]} 18. Nd7+ {[%clk
01:14:56]} {[%emt 00:00:44]} Ka7 {[%clk 01:29:40]} {[%emt 00:00:29]} 19. Rc8
{[%clk 01:14:42]} {[%emt 00:00:47]} 1-0